000 00761nam a2200241Ia 4500
003 OSt
005 20221005112707.0
006 a|||||r|||| 00| 0
007 ta
008 221004b |||||||| |||| 00| 0 pan d
020 _c150
024 _a94671
037 _b72871, 31/12/2008, Arsee Publishers
_cTextual
040 _aCRL
_cCRL
_bpan
041 _2pan
_apan
082 _aO153,3NLDH,2, P3
100 _aਸੇਖੋ੍ਵ ਲੁਧਿਆਣਵੀ੍ਵ
245 0 _aਮਸੀਆ
260 _aਦਿੱਲੀ
_bਆਰਸੀ
_c2003
300 _a176ਪੰ
_ccm.
942 _hO153,3NLDH,2, P3
_cTEXL
_2cc
999 _c1025673
_d1025673